Culture Générale - Série 204 - Statistiques

Statistiques générales
  • Ce quiz a été pris 341 fois
  • Le résultat moyen est 5 sur 10
Statistiques - réponses
Question Réponse % Correct
Que fait tourner Patrick Sébastien selon sa chanson de 2001 ? Les serviettes
92%
Dans quelle ville se situe l'action de la série "NYPD Blue" ? New York
92%
De quel héros Petit Jean est-il l'un des plus fidèles compagnons ? Robin des bois
80%
Quelle fille de Zeus est sortie, armée et casquée, de son crâne ? Athéna
74%
Quel écrivain est l'auteur de la nouvelle intitulée "Le Horla" ? Guy de Maupassant
72%
Comment appelle-t-on les habitants de Metz ? Les Messins
62%
Qui incarne la secrétaire de Cary Grant dans "Chérie, je me sens rajeunir" ? Marilyn Monroe
14%
Qu'est-ce qui fait "refleurir tous les rêves de bonheur" de Johnny Hallyday ? Souvenirs souvenirs
9%
Quel instrument Jean-Philippe Audin et Diego Morena ont-ils mis à l'honneur en 1991 ? L'ocarina
8%
Sous quel nom connait-on mieux Archibald Alexander Leach (1904-1986) ? Cary Grant
6%
Aucun quiz correspondant
Distribution des résultats
% des personnes avec chaque résultat
Percentile par nombre de réponses
Votre historique - résultats
Vous n’avez pas pris ce quiz